[Event "92nd ch-Marshall CC"]
[Site "New York USA"]
[Date "2008.10.26"]
[Round "9"]
[White "Korley,K"]
[Black "Sturt,R"]
[Result "1/2-1/2"]
[WhiteElo "2082"]
[BlackElo "2055"]

1.Nf3 d5 2.d4 Nf6 3.c4 c6 4.e3 e6 5.Nc3 Nbd7 6.Bd3 dxc4 7.Bxc4 b5 8.Bd3 a6
9.e4 c5 10.e5 cxd4 11.Nxb5 axb5 12.exf6 Bb4+ 13.Bd2 Bxd2+ 14.Qxd2 Qxf6 15.Bxb5 e5
16.O-O O-O 17.Rfe1 Qb6 18.Bxd7 Bxd7 19.Nxe5 Be6 20.b3 Ra3 21.Nf3 Rd8 22.h3 Qa7
23.Qb2 h6 24.Red1 d3 25.Ne5 Ra8 26.Rxd3 Rxa2 27.Rxa2 Qxa2 28.Qxa2 Rxa2 29.Nf3 Rb2
30.Nd2 f6 31.f4 g5 32.fxg5 hxg5 33.Kf1 Kf7 34.Ke2 f5 35.Ke3 Rc2 36.Kd4 Bxb3
37.Nxb3 Rxg2 38.Ke5 g4 39.h4 Rh2 40.Nd4 Rxh4 41.Nxf5 Rh1 42.Rd7+ Ke8 43.Rg7 Re1+
44.Kf6 Rf1 45.Kg5 g3 46.Nxg3 Rf7 47.Rg6 Rf3 48.Nf5 Kd7 49.Ra6 Rc3 50.Kf4 Rc6
51.Ra5 Rc1 52.Ke5 Re1+ 53.Kd5 Rd1+ 54.Nd4 Ke7 55.Ra6 Kf7 56.Ke4 Re1+ 57.Kf4 Ke7
58.Nf3 Re6 59.Ra7+ Kd6 60.Ne5 Rf6+ 61.Ke4 Rf1 62.Rd7+ Ke6 63.Rh7 Re1+ 64.Kd4 Rd1+
65.Nd3 Kf5 66.Re7 Ra1 67.Rf7+ Ke6 68.Rf2 Ra4+ 69.Ke3 Ra1  1/2-1/2

[Event "Grand Prix CCAS"]
[Site "Cap D'Agde FRA"]
[Date "2008.10.27"]
[Round "4"]
[White "Guichard,P"]
[Black "Gordon,S"]
[Result "0-1"]
[WhiteElo "2277"]
[BlackElo "2521"]

1.d4 Nf6 2.c4 e6 3.Nf3 d5 4.Nc3 c6 5.e3 Nbd7 6.Qc2 Bd6 7.Bd3 O-O 8.O-O dxc4
9.Bxc4 b5 10.Be2 Bb7 11.e4 e5 12.Rd1 Qc7 13.g3 Rfe8 14.Be3 a6 15.Rac1 Rac8
16.a4 Qb8 17.dxe5 Nxe5 18.b4 c5 19.Nxe5 Bxe5 20.bxc5 Bxc3 21.Qxc3 Nxe4 22.Qb3 Nxc5
23.Bxc5 Rxe2 24.Rd7 Re6 25.Rcd1 Rce8 26.Bb4 Bc6 27.R7d4 Qe5 28.Qd3 Be4 29.Qe2 Qf6
30.f4 Bc6 31.Qd3 Re2 32.Rd6 Qb2 33.Rd2 Rxd2 34.Qxd2 Qb1+  0-1

[Event "Vasylyshyn Mem"]
[Site "Lviv UKR"]
[Date "2008.10.27"]
[Round "10"]
[White "Zakhartsov,Vi"]
[Black "Babujian,L"]
[Result "1/2-1/2"]
[WhiteElo "2537"]
[BlackElo "2502"]

1.d4 d5 2.c4 c6 3.Nc3 Nf6 4.e3 e6 5.Nf3 Nbd7 6.Bd3 Bd6 7.e4 dxe4 8.Nxe4 Nxe4
9.Bxe4 O-O 10.O-O f5 11.Bc2 e5 12.Bg5 Be7 13.Bxe7 Qxe7 14.Nxe5 Nxe5 15.Re1 Qb4
16.Rxe5 Qxb2 17.c5 Kh8 18.Bb3 Bd7 19.Rb1 Qc3 20.Re7 Rad8 21.Rc1 Qa5 22.d5 cxd5
23.Qxd5 Bc6 24.Qe5 Rf6 25.h4 Rg6 26.g3 Qd2 27.Re1 Rf8 28.Rd1 Qh6 29.Rf7 Rg8
30.Qe7 Qf4 31.Rd3 Qc1+ 32.Bd1 Qc4 33.Rf8 Qxd3 34.Rxg8+ Kxg8 35.Bb3+ Qxb3
36.axb3 Rf6 37.Kf1 h6 38.Ke2 Kh7 39.Kd2 a6 40.Kc3 Bd5 41.b4 Rf7 42.Qe8 Rf6
43.Kd4 Bc6 44.Qe7 Kg8 45.Ke5 Rf8 46.Qe6+ Kh7 47.Kf4 Rf6 48.Qc8 Rf7  1/2-1/2

[Event "WYCC Girls U18"]
[Site "Vung Tau City VIE"]
[Date "2008.10.27"]
[Round "8"]
[White "Golubenko,Valen"]
[Black "Li Panru"]
[Result "1-0"]
[WhiteElo "2273"]
[BlackElo "2126"]

1.d4 d5 2.c4 e6 3.Nc3 c6 4.e3 Nf6 5.Nf3 Nbd7 6.Bd2 Be7 7.Rc1 O-O 8.Bd3 b6
9.O-O Bb7 10.Qe2 Rc8 11.Ne5 c5 12.cxd5 exd5 13.Bf5 g6 14.Bb1 Re8 15.f4 Bf8
16.Qf3 Bg7 17.Nb5 Ne4 18.Bxe4 dxe4 19.Qe2 Nf6 20.Nxa7 Ra8 21.Nb5 Rxa2 22.dxc5 Rxb2
23.Nd6 bxc5 24.Nec4 Re6 25.Nxb2 Rxd6 26.Nc4 Rd3 27.Ba5 Qe7 28.Ne5 Rb3 29.Rb1 Ra3
30.Qb2 Rxa5 31.Qxb7 Qxb7 32.Rxb7 Ra3 33.Rd1 h5 34.Rd8+ Kh7 35.Rxf7 Rxe3 36.Rd6 Kg8
37.Rfxf6 Bxf6 38.Rxf6 Rc3 39.Rxg6+ Kf8 40.Kf2 c4 41.f5 Rc1 42.f6  1-0

[Event "WYCC Boys U18"]
[Site "Vung Tau City VIE"]
[Date "2008.10.27"]
[Round "8"]
[White "Rosberg,S"]
[Black "Potapov,P"]
[Result "0-1"]
[WhiteElo "2222"]
[BlackElo "2442"]

1.d4 d5 2.Nf3 Nf6 3.c4 c6 4.e3 e6 5.Nc3 Nbd7 6.b3 Bd6 7.Qc2 O-O 8.Bb2 e5
9.cxd5 cxd5 10.dxe5 Nxe5 11.Be2 Be6 12.O-O Rc8 13.Rac1 Ne4 14.Qd1 Nxf3+ 15.Bxf3 Be5
16.Na4 Rxc1 17.Qxc1 Qf6 18.Bxe5 Qxe5 19.Bxe4 dxe4 20.Qc5 Qxc5 21.Nxc5 Bd5
22.Rd1 Bc6 23.Rd4 Re8 24.Rd6 Rc8 25.h3 Kf8 26.Rd4 f5 27.Rd2 Ke7 28.b4 g6
29.Kh2 b6 30.Nb3 Bb5 31.Nd4 Bd3 32.f3 Kf6 33.Kg3 Rc3 34.h4 h6 35.fxe4 Bxe4
36.Kf2 Bd5 37.Nf3 g5 38.hxg5+ hxg5 39.Ne1 Be4 40.Nf3 Ra3 41.Nd4 a6 42.Nf3 g4
43.Nd4 Ke5 44.Ne2 Bd5 45.Nc1 g3+ 46.Kxg3 f4+ 47.Kh2 fxe3 48.Rc2 Kd4 49.Kg1 Bc4
50.g4 Rc3 51.Ne2+ Bxe2 52.Rxe2 Rc1+ 53.Kg2 Kd3  0-1

[Event "Open A"]
[Site "Le Touquet FRA"]
[Date "2008.10.29"]
[Round "6"]
[White "Geirnaert,S"]
[Black "Nijs,N"]
[Result "1-0"]
[WhiteElo "2353"]
[BlackElo "2228"]

1.d4 d5 2.c4 c6 3.Nf3 Nf6 4.Nc3 e6 5.e3 Nbd7 6.Qc2 Bd6 7.g4 Bb4 8.Bd2 b6
9.cxd5 Bxc3 10.Qxc3 cxd5 11.Qc6 Rb8 12.Bb4 Bb7 13.Qa4 a5 14.Bd6 Rc8 15.Ne5 Ne4
16.Bb5 Nxd6 17.Bxd7+ Ke7 18.Bxc8 Qxc8 19.O-O f6 20.Rac1 Qd8 21.Nc6+ Bxc6
22.Qxc6 Nc4 23.b3 Nd2 24.Qc7+ Qxc7 25.Rxc7+ Kd6 26.Rfc1 Nc4 27.Rxg7 Na3 28.Rcc7 e5
29.Rgd7+ Ke6 30.Rxh7 Rxh7 31.Rxh7 exd4 32.exd4 Nc2 33.Rb7 Nxd4 34.Rxb6+ Ke5
35.Ra6 Ne2+ 36.Kf1 Nc3 37.Rxa5 Ke4 38.h4 d4 39.Ra8 Nxa2 40.h5 Nb4 41.h6 Nc6
42.Ra3  1-0

[Event "Vasylyshyn Mem"]
[Site "Lviv UKR"]
[Date "2008.10.29"]
[Round "12"]
[White "Zakhartsov,Vi"]
[Black "Papin,V"]
[Result "1/2-1/2"]
[WhiteElo "2537"]
[BlackElo "2455"]

1.d4 d5 2.c4 e6 3.Nc3 c6 4.e3 Nf6 5.Nf3 Nbd7 6.Bd3 dxc4 7.Bxc4 b5 8.Bd3 Bd6
9.O-O O-O 10.a3 Bb7 11.Bd2 a5 12.Rc1 Qb8 13.e4 e5 14.dxe5 Bxe5 15.Nxe5 Nxe5
16.Be2 Rd8 17.Qe1 b4 18.Na4 Nxe4 19.Bf4 Nf6 20.Nb6 Ra7 21.axb4 Nf3+ 22.Bxf3 Qxf4
23.Qe7 Re8 24.Qc5 Qxb4 25.Nd7 Qxc5 26.Nxf6+ gxf6 27.Rxc5 Re5 28.Rfc1 Ra6
29.h4 Rb6 30.R5c2 Kg7 31.Bxc6 Bxc6 32.Rxc6 Rxb2 33.R6c3 f5 34.Rc5 Rb5 35.Rxe5 Rxe5
36.Rc7 a4 37.Ra7 Re4 38.h5 Kf6 39.Kh2 h6 40.Kg3 Rb4 41.Kf3 Kg5 42.Rxf7 Rb3+
43.Ke2 a3 44.g3 a2 45.Ra7 Rb2+ 46.Ke3 Kxh5 47.f3 Kg5 48.Rg7+ Kf6 49.Ra7 Ke5
50.Ra5+ Kd6 51.Kd4 Kc6 52.Kc4 Rc2+ 53.Kb3 Rf2 54.Kc4 h5 55.f4 Kb6 56.Ra8 Kb7
57.Ra5 Rg2 58.Ra3 Kb6 59.Ra8 Rf2 60.Ra3 h4 61.gxh4 Rxf4+ 62.Kd5 Rf2 63.h5 Kb5
64.h6 Kb4 65.h7 Rd2+ 66.Ke6 Rh2 67.Rxa2 Rxh7 68.Kxf5  1/2-1/2

[Event "Open A"]
[Site "Le Touquet FRA"]
[Date "2008.10.30"]
[Round "7"]
[White "Massoels,T"]
[Black "Dehesdin,W"]
[Result "1/2-1/2"]
[WhiteElo "1993"]
[BlackElo "2130"]

1.d4 d5 2.c4 e6 3.Nf3 Nf6 4.Nc3 c6 5.e3 Bd6 6.Bd3 Nbd7 7.O-O O-O 8.e4 dxe4
9.Nxe4 Nxe4 10.Bxe4 Qc7 11.Re1 f5 12.Bc2 Nf6 13.c5 Bf4 14.Bb3 Nd5 15.Bxd5 exd5
16.Bxf4 Qxf4 17.Re7 Qh6 18.Qe2 f4 19.Re1 b6 20.b4 Bg4 21.h3 Bxf3 22.Qxf3 bxc5
23.bxc5 Qg6 24.Qg4 Qxg4 25.hxg4 Rf7 26.R1e6 Rc8 27.Re1 Kf8 28.R7e6 Rd7 29.Kf1 Rcc7
30.Re8+ Kf7 31.a4 Rb7 32.Rc8 Rb4 33.a5 Rxd4 34.Rxc6 Re4 35.f3 Re3 36.a6 d4
37.Rd1 d3 38.Rc8 Ke6 39.Re8+ Kf7 40.Rb8 Ree7 41.Rb3 Rc7 42.Rc3 Re6 43.Ra3 Rxc5
44.Rdxd3 Rc1+ 45.Kf2 Rc2+ 46.Kf1 Rec6 47.Rd1 Rc1 48.Rxc1 Rxc1+ 49.Kf2 Rc6
50.g3 fxg3+ 51.Kxg3  1/2-1/2

[Event "Open A"]
[Site "Le Touquet FRA"]
[Date "2008.10.30"]
[Round "7"]
[White "Bernard,Ch"]
[Black "Gervasio,R"]
[Result "1-0"]
[WhiteElo "2364"]
[BlackElo "2297"]

1.d4 Nf6 2.Nf3 d5 3.c4 c6 4.e3 e6 5.Nc3 Nbd7 6.Qc2 a6 7.b3 Bb4 8.Bd2 O-O
9.Be2 Qe7 10.O-O b5 11.Ne5 Bb7 12.Nd3 Bd6 13.f4 dxc4 14.bxc4 bxc4 15.Ne5 c5
16.Rab1 Rab8 17.Bxc4 cxd4 18.exd4 Rfc8 19.Rxb7 Rxb7 20.Bxa6 Rbc7 21.Bxc8 Rxc8
22.Qb3 h6 23.a4 Bb8 24.h3 Ba7 25.Nb5 Nxe5 26.fxe5 Nd5 27.Kh2 Bb8 28.Kh1 Qh4
29.a5 Qe4 30.a6 Qe2 31.Rd1 f6 32.a7 Bxa7 33.Nxa7 Rf8 34.Nc6 fxe5 35.dxe5 Rf2
36.Nd4 Qxe5 37.Qd3 Qh5 38.Rc1 Nf6 39.Nxe6 Ne8 40.Nf4 Qf7 41.Qe3  1-0

[Event "WYCC Boys U18"]
[Site "Vung Tau City VIE"]
[Date "2008.10.30"]
[Round "11"]
[White "Rosberg,S"]
[Black "Hovhannisyan,R"]
[Result "0-1"]
[WhiteElo "2222"]
[BlackElo "2409"]

1.d4 d5 2.c4 c6 3.Nc3 Nf6 4.e3 e6 5.Nf3 Nbd7 6.Qc2 Bd6 7.b3 O-O 8.Be2 b6
9.O-O Bb7 10.Bb2 Qe7 11.Rfd1 Rac8 12.e4 dxe4 13.Nxe4 Nxe4 14.Qxe4 h6 15.Ne5 f5
16.Qe3 Nxe5 17.dxe5 Bc5 18.Bd4 Bxd4 19.Rxd4 c5 20.Rd6 f4 21.Qh3 f3 22.Bxf3 Bxf3
23.gxf3 Rf5 24.Re1 Rcf8 25.Re3 Qf7 26.Kf1 Qg6 27.Ke2 Kh7 28.Rdd3 Qg1 29.Rd1 Qg6
30.Rdd3 Rh5 31.Qg3 Rg5 32.Qh4 Rff5 33.Qe4 Rg2 34.f4 Rxh2 35.Rh3 Qg4+ 36.Rhf3 Rh1
37.Rd1 Rxd1 38.Kxd1 h5 39.Kd2 h4 40.Qe3 g5 41.Qe4 Kh6 42.Qa8 Kg7 43.Rd3 Qxf4+
44.Kd1 Qxf2 45.Rd7+ Rf7 46.Qd8 Rxd7+ 47.Qxd7+ Qf7 48.Qd8 Qf3+ 49.Kc2 Qe4+
50.Kc1 Qxe5 51.Qe7+ Kg6 52.Qe8+ Kf5 53.Qf7+ Qf6 54.Qh7+ Kg4  0-1

[Event "WYCC Boys U16"]
[Site "Vung Tau City VIE"]
[Date "2008.10.30"]
[Round "11"]
[White "Jorczik,J"]
[Black "Debashis,D"]
[Result "0-1"]
[WhiteElo "2382"]
[BlackElo "2309"]

1.d4 d5 2.c4 c6 3.Nf3 Nf6 4.Nc3 e6 5.e3 Nbd7 6.Bd3 dxc4 7.Bxc4 b5 8.Bd3 Bd6
9.O-O O-O 10.a3 Bb7 11.Bd2 a5 12.Qc2 Qe7 13.e4 e5 14.a4 b4 15.Ne2 c5 16.dxe5 Nxe5
17.Nxe5 Bxe5 18.f3 Rfd8 19.Bc4 Nd7 20.Be3 Nb6 21.Bb5 Rac8 22.Rad1 Bd4 23.Bxd4 cxd4
24.Qd3 Bc6 25.Nxd4 Nxa4 26.Bxc6 Nxb2 27.Qb5 Nxd1 28.Rxd1 Rb8 29.Qc4 b3 30.Bd5 Rb4
31.Nc6 Rxc4 32.Nxe7+ Kf8 33.Rf1 Rxd5 34.Nxd5 b2 35.Kf2 Rc1 36.Nc3 Rxc3 37.Rb1 Rb3  0-1

[Event "Grand Prix CCAS"]
[Site "Cap D'Agde FRA"]
[Date "2008.10.31"]
[Round "8"]
[White "Fargere,Fr"]
[Black "Benitah,Y"]
[Result "0-1"]
[WhiteElo "2444"]
[BlackElo "2428"]

1.Nf3 d5 2.d4 Nf6 3.c4 c6 4.e3 e6 5.Nc3 Nbd7 6.Qc2 Bd6 7.Be2 dxc4 8.Bxc4 b5
9.Be2 Bb7 10.O-O O-O 11.a3 a6 12.b4 a5 13.Rb1 axb4 14.axb4 Qe7 15.Qb3 Nd5
16.Bd2 f5 17.Ne1 N7b6 18.Nc2 Qh4 19.g3 Qh3 20.e4 fxe4 21.Nxe4 c5 22.f3 c4
23.Qb2 c3 24.Qb3 Bxg3 25.hxg3 Nf6 26.Nxf6+ Rxf6 27.Be1 Nd5 28.Rf2 Nf4 29.Rh2 Nxe2+
30.Rxe2 Raf8 31.Re3 Rxf3  0-1

[Event "FSGM November"]
[Site "Budapest HUN"]
[Date "2008.11.01"]
[Round "1"]
[White "Martinovic,Sa"]
[Black "Arngrimsson,D"]
[Result "1-0"]
[WhiteElo "2416"]
[BlackElo "2392"]

1.d4 d5 2.c4 c6 3.Nc3 Nf6 4.e3 e6 5.Nf3 Nbd7 6.Qc2 Bd6 7.g4 Nxg4 8.Rg1 Nh6
9.Bd2 Nf6 10.Rxg7 Nf5 11.Rg2 Bb4 12.O-O-O Nd6 13.c5 Bxc3 14.Bxc3 Nde4 15.Be1 b6
16.Ne5 Nd7 17.Nxd7 Bxd7 18.f3 Ng5 19.Be2 h6 20.Bh4 bxc5 21.f4 cxd4 22.fxg5 c5
23.Bh5  1-0

[Event "IX Rapid Open"]
[Site "El Sauzal ESP"]
[Date "2008.11.01"]
[Round "2"]
[White "Potkin,V"]
[Black "De la Hoz Sanchez,R"]
[Result "1-0"]
[WhiteElo "2613"]
[BlackElo "2030"]

1.d4 d5 2.c4 c6 3.Nf3 Nf6 4.Nc3 e6 5.e3 Bb4 6.Bd3 dxc4 7.Bxc4 b5 8.Bd3 Bb7
9.O-O O-O 10.e4 a6 11.e5 Nd5 12.Bxh7+ Kxh7 13.Ng5+ Kg6 14.h4 Rh8 15.Qd3+ f5
16.exf6  1-0

[Event "Open A"]
[Site "Le Touquet FRA"]
[Date "2008.11.01"]
[Round "9"]
[White "D'Costa,L"]
[Black "Neelotpal,D"]
[Result "1/2-1/2"]
[WhiteElo "2411"]
[BlackElo "2477"]

1.d4 Nf6 2.c4 c6 3.Nc3 d5 4.e3 e6 5.Nf3 Nbd7 6.Bd3 dxc4 7.Bxc4 b5 8.Bd3 Bd6
9.O-O O-O 10.b3 Bb7 11.Bb2 a6 12.e4 e5 13.Ne2 Re8 14.dxe5 Nxe5 15.Nxe5 Bxe5
16.Bxe5 Rxe5 17.Ng3 c5 18.Qc2 Qb6 19.Kh1 g6 20.f4 Re7 21.Rae1 Rd8 22.e5 Qc6
23.Re2 Nd5 24.Be4 c4 25.bxc4 Qxc4 26.Qd1 Red7 27.Rd2 Nf6 28.Rxd7 Rxd7 29.exf6 Rxd1
30.Rxd1 h5 31.Bxb7 Qxf4 32.Ne4 h4 33.h3 b4 34.Bd5 a5 35.Nd6 Qxf6 36.Bxf7+ Kh7
37.Bb3 Qe7 38.Nc4 Qc5 39.Nb2 Kg7 40.Rd7+ Kh6 41.Na4  1/2-1/2

[Event "TCh-NED 2008-9"]
[Site "Netherlands NED"]
[Date "2008.11.01"]
[Round "2"]
[White "Vandevoort,P"]
[Black "Fiebig,T"]
[Result "0-1"]
[WhiteElo "2409"]
[BlackElo "2405"]

1.d4 d5 2.c4 c6 3.Nc3 e6 4.e3 Nf6 5.Nf3 Nbd7 6.Qc2 Bd6 7.g4 Nxg4 8.Rg1 f5
9.h3 Ngf6 10.Rxg7 Ne4 11.Bd2 Qf6 12.Rg2 Nf8 13.Qb3 Ng6 14.O-O-O O-O 15.Be2 Kh8
16.Rdg1 b6 17.h4 Bd7 18.h5 Ne7 19.Ne5 Nxd2 20.Kxd2 Bxe5 21.dxe5 Qxe5 22.Qa3 c5
23.Rg7 Qd6 24.Kc2 Bc6 25.Bf3 Rg8 26.Rxg8+ Rxg8 27.Rxg8+ Kxg8 28.cxd5 exd5
29.Qxa7 d4 30.Bxc6 Nxc6 31.Qa8+ Kf7 32.Qb7+ Kf6 33.exd4 cxd4 34.Na4 d3+ 35.Kd1 Qd5
36.Nc3 Qf3+ 37.Ke1 Kg5 38.Qg7+ Kh4 39.h6 Qf4 40.Qf6+ Kh3 41.Nd1 Nd4 42.Qg7 d2+
43.Kf1 Qf3 44.Qg3+ Qxg3 45.fxg3 Kxg3 46.a4 Kf3  0-1

[Event "TCh-NED 2008-9"]
[Site "Netherlands NED"]
[Date "2008.11.01"]
[Round "2"]
[White "Werle,J"]
[Black "Willemze,J"]
[Result "1-0"]
[WhiteElo "2591"]
[BlackElo "2420"]

1.d4 d5 2.c4 c6 3.Nc3 Nf6 4.e3 e6 5.Nf3 Nbd7 6.Bd3 dxc4 7.Bxc4 b5 8.Bd3 b4
9.Ne4 Nxe4 10.Bxe4 Bb7 11.O-O Bd6 12.a3 a5 13.Qc2 Rc8 14.axb4 axb4 15.b3 Nf6
16.Bb2 O-O 17.Ra7 Qb6 18.Rfa1 Nxe4 19.Qxe4 Ra8 20.Ng5 g6 21.Rxa8 Rxa8 22.Rxa8+ Bxa8
23.Nxe6 Qb5 24.Nf4 Qf5 25.Qxf5 gxf5 26.Nh5 Kf8 27.Nf6 h6 28.f3 Ke7 29.Ng8+ Ke6
30.Nxh6 Bf8 31.d5+ cxd5 32.Ng8 f6 33.Nxf6 Bg7 34.Nxd5 Bxb2 35.Nc7+ Kd7 36.Nxa8 Kc6
37.Kf2 Kb7 38.Kg3 Be5+ 39.f4 Bf6 40.Kf3 Kxa8 41.e4  1-0

[Event "12th OIBM"]
[Site "Bad Wiessee GER"]
[Date "2008.11.02"]
[Round "2"]
[White "Quinn,Joh"]
[Black "Hoffmann,Micha1"]
[Result "1/2-1/2"]
[WhiteElo "2136"]
[BlackElo "2469"]

1.d4 d5 2.c4 e6 3.Nc3 c6 4.Nf3 Nf6 5.e3 Nbd7 6.Qc2 Bd6 7.b3 O-O 8.Bb2 e5
9.cxd5 cxd5 10.dxe5 Nxe5 11.Be2 Nxf3+ 12.Bxf3 d4 13.exd4 Re8+ 14.Kf1 Ng4
15.g3 Qf6 16.Kg2 Bf5 17.Qd2 Qg6 18.Rae1 h5 19.h4 Bb4 20.Qg5 Qh7 21.Bxb7 Rab8
22.Bf3 Bxc3 23.Bxc3 Be4 24.Qf4 Bxf3+ 25.Qxf3 Qc2 26.d5 Rbd8 27.Rxe8+ Rxe8
28.Re1 Rc8 29.Bd4 Qd2 30.Rd1 Qxa2 31.d6  1/2-1/2

[Event "SenWM"]
[Site "Bad Zwischenahn GER"]
[Date "2008.11.02"]
[Round "6"]
[White "Riek,W"]
[Black "Weller,F"]
[Result "1-0"]
[WhiteElo "2061"]
[BlackElo "1945"]

1.d4 d5 2.Nf3 Nf6 3.c4 e6 4.Nc3 c6 5.e3 Nbd7 6.Bd2 Bd6 7.Bd3 O-O 8.O-O dxc4
9.Bxc4 e5 10.Qc2 Qe7 11.Ng5 h6 12.Nge4 exd4 13.Nxd6 Qxd6 14.exd4 Qxd4 15.Ne2 Qb6
16.Rad1 Ne5 17.Be3 Qb4 18.Bb3 Re8 19.Rd4 Qe7 20.h3 c5 21.Rd2 b6 22.Rfd1 Bb7
23.Ng3 Qc7 24.Rd6 Rad8 25.Rxf6 Rxd1+ 26.Qxd1 gxf6 27.Qh5 Bc8 28.Qxh6 Bg4
29.hxg4 Nf3+ 30.gxf3 Rxe3 31.Qxe3  1-0

[Event "TCh-BEL 2008-9"]
[Site "Belgium BEL"]
[Date "2008.11.02"]
[Round "3"]
[White "Geirnaert,S"]
[Black "Hovhanisian,M"]
[Result "0-1"]
[WhiteElo "2353"]
[BlackElo "2460"]

1.d4 c6 2.c4 d5 3.Nf3 Nf6 4.Nc3 e6 5.e3 Nbd7 6.Qc2 Bd6 7.g4 dxc4 8.Bxc4 e5
9.g5 Nd5 10.e4 Nxc3 11.Qxc3 Qe7 12.a3 O-O 13.g6 hxg6 14.Bg5 Qe8 15.O-O-O exd4
16.Qxd4 Ne5 17.Nxe5 Bxe5 18.Qd3 Bxb2+ 19.Kxb2 Qe5+ 20.Qd4 Qxg5 21.Rhg1 Qh5
22.Qd6 Bg4 23.Rd3 Be2  0-1

[Event "FSGM November"]
[Site "Budapest HUN"]
[Date "2008.11.02"]
[Round "2"]
[White "Kosic,D"]
[Black "Recuero Guerra,D"]
[Result "1/2-1/2"]
[WhiteElo "2511"]
[BlackElo "2425"]

1.d4 Nf6 2.Nf3 d5 3.c4 e6 4.Nc3 c6 5.e3 a6 6.b3 Bb4 7.Bd2 Nbd7 8.Qc2 O-O
9.Be2 Bd6 10.O-O e5 11.cxd5 cxd5 12.dxe5 Nxe5 13.Rad1 Bg4 14.Nxe5 Bxe5 15.Bxg4 Nxg4
16.h3 Nf6 17.Ne2 Ne4  1/2-1/2

[Event "IX Rapid Open"]
[Site "El Sauzal ESP"]
[Date "2008.11.02"]
[Round "7"]
[White "Ramos Aguilar,J"]
[Black "Hernandez Leon,S"]
[Result "1/2-1/2"]
[WhiteElo "2225"]
[BlackElo "2078"]

1.d4 d5 2.c4 c6 3.Nf3 Nf6 4.Nc3 e6 5.e3 Nbd7 6.Bd3 Bd6 7.e4 dxe4 8.Nxe4 Nxe4
9.Bxe4 h6 10.O-O O-O 11.Bc2 Nf6 12.Qd3 c5 13.Be3 Qc7 14.Rad1 b6 15.dxc5 Bxc5
16.Bxc5 Qxc5 17.Rfe1 Ba6 18.b3 b5 19.cxb5 Bxb5 20.Qd2 a5 21.Re5 Qb6 22.Qd4 Qxd4
23.Nxd4 Bd7 24.f3 Rfc8 25.Bd3 Be8 26.Nb5 Bxb5 27.Bxb5 Nd5 28.Bc4 Nb6 29.Bd3 Rc3
30.Be4 Nd5 31.Bxd5 exd5 32.Rdxd5 a4 33.bxa4 Rxa4 34.Ra5 Rc1+ 35.Kf2 Rc2+  1/2-1/2

[Event "IX Rapid Open"]
[Site "El Sauzal ESP"]
[Date "2008.11.02"]
[Round "7"]
[White "Perez Felipe,M"]
[Black "Rodriguez Lorenzo,Y"]
[Result "1/2-1/2"]
[WhiteElo "2235"]
[BlackElo "2083"]

1.Nf3 Nf6 2.c4 d5 3.d4 c6 4.Nc3 e6 5.e3 Bd6 6.Bd3 O-O 7.O-O Nbd7 8.e4 dxe4
9.Nxe4 Nxe4 10.Bxe4 Nf6 11.Bc2 h6 12.a3 a5 13.b3 c5 14.Bb2 cxd4 15.Qxd4 Be7
16.Qc3 Qc7 17.Rfe1 b6 18.Ne5 Bb7 19.Rac1 Rad8 20.Bb1 Ba8 21.Re3 Bc5 22.Ng4  1/2-1/2

[Event "IX Rapid Open"]
[Site "El Sauzal ESP"]
[Date "2008.11.02"]
[Round "9"]
[White "Hernandez Leon,A"]
[Black "Rodriguez Lorenzo,Y"]
[Result "1-0"]
[WhiteElo "2235"]
[BlackElo "2083"]

1.d4 Nf6 2.Nf3 d5 3.c4 c6 4.e3 e6 5.Nc3 Bd6 6.Bd3 Nbd7 7.O-O O-O 8.e4 dxe4
9.Nxe4 Nxe4 10.Bxe4 Nf6 11.Bc2 h6 12.b3 c5 13.Bb2 cxd4 14.Bxd4 Be7 15.Qd3 b6
16.Ne5 Bb7 17.Rfe1 Qc7 18.Ng4 Ne4 19.Rxe4  1-0

[Event "IX Rapid Open"]
[Site "El Sauzal ESP"]
[Date "2008.11.02"]
[Round "9"]
[White "Pogorelov,R"]
[Black "Pizarro Segura,E"]
[Result "1-0"]
[WhiteElo "2441"]
[BlackElo "2123"]

1.Nf3 d5 2.d4 Nf6 3.c4 e6 4.Nc3 c6 5.e3 Nbd7 6.Qc2 Be7 7.Bd3 O-O 8.O-O h6
9.Rd1 Re8 10.e4 dxe4 11.Nxe4 Nxe4 12.Bxe4 Qc7 13.b3 b6 14.Bb2 Bb7 15.c5 bxc5
16.dxc5 Nxc5 17.Bh7+ Kh8 18.b4 f5 19.Bg6 Ne4 20.Bxe8 Rxe8 21.Ne5 Bxb4 22.Rd7  1-0

[Event "TCh-HUN 2008-9"]
[Site "Nagykanizsa HUN"]
[Date "2008.11.02"]
[Round "2"]
[White "Lenic,L"]
[Black "Horvath,Cs1"]
[Result "1/2-1/2"]
[WhiteElo "2569"]
[BlackElo "2529"]

1.d4 d5 2.c4 e6 3.Nc3 c6 4.e3 Nf6 5.Nf3 Nbd7 6.Bd3 dxc4 7.Bxc4 b5 8.Bd3 a6
9.a4 Bb7 10.O-O b4 11.Ne4 c5 12.Nxf6+ Qxf6 13.e4 cxd4 14.Bg5 Qg6 15.e5 Qh5
16.Be2 Bc5 17.Qd2 h6 18.Bf4 Qg6 19.Rfe1 Be4 20.Bg3 O-O  1/2-1/2

[Event "Pan-American Continental"]
[Site "Boca Raton USA"]
[Date "2008.11.04"]
[Round "5"]
[White "Hortillosa,A"]
[Black "Lugo,Bl"]
[Result "1/2-1/2"]
[WhiteElo "2199"]
[BlackElo "2403"]

1.Nf3 d5 2.c4 c6 3.e3 Nf6 4.Nc3 e6 5.d4 Nbd7 6.cxd5 exd5 7.Bd3 Bd6 8.O-O O-O
9.a3 Re8 10.Qc2 Qe7 11.Bf5 Nf8 12.Bxc8 Raxc8 13.Bd2 Ng6 14.Qf5 Bb8 15.Rac1 Rcd8
16.g3 Ne4 17.Rc2 Rd6 18.Qh3 Nf8 19.Qg2 Nd7 20.Nh4 Qe6 21.Nf3 f5 22.Ne2 Qf7
23.Rfc1 g5 24.Rf1 Rg6 25.Bc1 Bd6 26.Ne1 h5 27.f3 Nef6 28.Nd3 h4 29.b3 hxg3
30.hxg3 Qe7 31.a4 Kg7 32.Kf2 Ba3 33.Bd2 f4 34.Nexf4 gxf4 35.Nxf4 Rh6 36.Rh1 Rxh1
37.Qxh1 Rh8 38.Qxh8+ Kxh8 39.Ng6+ Kg7 40.Nxe7 Bxe7 41.g4 Kg6 42.Rc1 c5 43.Rh1 cxd4
44.exd4 Nb8 45.Rh6+ Kg7 46.g5 Ng8 47.Re6 Nc6 48.f4 Nxd4 49.Bc3 Kf7 50.Rxe7+ Nxe7
51.Bxd4 Nc6 52.Ke3 Kg6 53.Bc3 a6 54.a5 Kf5 55.Bd2 Ke6 56.Kd3 Kf5  1/2-1/2

[Event "FSGM November"]
[Site "Budapest HUN"]
[Date "2008.11.04"]
[Round "4"]
[White "Prohaszka,P2"]
[Black "Martinovic,Sa"]
[Result "1-0"]
[WhiteElo "2502"]
[BlackElo "2416"]

1.d4 d5 2.c4 c6 3.Nc3 Nf6 4.e3 e6 5.Nf3 a6 6.c5 b6 7.cxb6 Nbd7 8.Bd3 c5 9.b3 cxd4
10.exd4 Qxb6 11.O-O Bd6 12.Bb2 O-O 13.Na4 Qa7 14.Qe2 Bb7 15.Ne5 Rac8 16.Rfd1 Be7
17.a3 Rfd8 18.Nxd7 Nxd7 19.b4 Bf6 20.Rac1 g6 21.Nc5 Nxc5 22.dxc5 Bxb2 23.Qxb2 Bc6
24.Qf6 Re8 25.Re1 Ra8 26.Ra1 Qe7 27.Qb2 Reb8 28.Qc3 Bb5 29.Qd4 Bxd3 30.Qxd3 a5
31.Rab1 axb4 32.axb4 Ra4 33.Qc3 Rb5 34.h4 Qxh4 35.c6 Ra8 36.c7 Rc8 37.Qc6 Qc4
38.Rxe6 Qxc6 39.Rxc6 Rb7 40.Rbc1 Kg7 41.R1c5 Rxb4 42.Rxd5 Rb7 43.Rd7 Ra7
44.g3 Kf8 45.Rd8+  1-0

[Event "21st Belgrade Trophy"]
[Site "Obrenovac SRB"]
[Date "2008.11.04"]
[Round "8"]
[White "Damjanovic,D"]
[Black "Stevanovic,Vl"]
[Result "1/2-1/2"]
[WhiteElo "2229"]
[BlackElo "2304"]

1.d4 d5 2.c4 e6 3.Nc3 Nf6 4.Nf3 c6 5.e3 Be7 6.Bd3 Nbd7 7.O-O dxc4 8.Bxc4 b5
9.Bd3 b4 10.Na4 Qa5 11.b3 Ba6 12.a3 Bxd3 13.Qxd3 Qb5 14.Qc4 O-O 15.axb4 Bxb4
16.Ba3 Bxa3 17.Rxa3 a5 18.Rfa1 Ra7 19.h3 Nd5 20.Nc3 Qxc4 21.bxc4 Nxc3 22.Rxc3 c5
23.Rca3 Rfa8 24.Nd2 a4 25.Ne4 cxd4 26.exd4 Nb6 27.Nd6 Kf8 28.c5 Nd5 29.Nc4 Ke7
30.g3 f6 31.Kg2 Nb4 32.Nb6 Rd8 33.Rc1 Nc6 34.Rc4 Ra5 35.Raxa4 Rxa4 36.Rxa4 Rxd4
37.Ra8 Rd8 38.Ra6 e5 39.Nc4 Rc8 40.Nd6 Rc7 41.Nb5 Rc8 42.Na7 Nxa7 43.Rxa7+ Kf8
44.Ra5 Ke7 45.Ra7+ Kf8  1/2-1/2

[Event "12th OIBM"]
[Site "Bad Wiessee GER"]
[Date "2008.11.05"]
[Round "5"]
[White "Meister,P"]
[Black "Naumann,A"]
[Result "1/2-1/2"]
[WhiteElo "2388"]
[BlackElo "2518"]

1.d4 Nf6 2.c4 e6 3.Nf3 d5 4.Nc3 c6 5.e3 Nbd7 6.Qc2 Bd6 7.b3 O-O 8.Be2 b6
9.O-O Bb7 10.Bb2 Qe7 11.Rad1 Rfe8 12.e4 Nxe4 13.Nxe4 dxe4 14.Qxe4 Nf6  1/2-1/2

[Event "Pan-American Continental"]
[Site "Boca Raton USA"]
[Date "2008.11.05"]
[Round "7"]
[White "Bhat,V"]
[Black "Stripunsky,A"]
[Result "1/2-1/2"]
[WhiteElo "2498"]
[BlackElo "2553"]

1.d4 d5 2.c4 c6 3.Nc3 Nf6 4.e3 e6 5.Nf3 a6 6.Bd2 c5 7.cxd5 exd5 8.dxc5 Bxc5
9.Bd3 Nc6 10.h3 O-O 11.O-O Re8 12.Rc1 Ba7 13.Qb3 Qd6 14.Ne2 Ne4 15.Rfd1 Nxd2
16.Rxd2 Re7 17.Bb1 Be6 18.Nf4 Rd8 19.Rcd1 d4 20.Nxe6 Qxe6 21.Bxh7+ Kf8 22.Qxe6 Rxe6
23.Bb1 Ree8 24.exd4 Nxd4 25.Nxd4 Rxd4 26.Rxd4 Bxd4 27.Rxd4 Re1+ 28.Kh2 Rxb1
29.Rd2 b5 30.a3 Ke7 31.h4 Ke6 32.Kg3 a5 33.Kf3 g6 34.Kf4 Rc1 35.g3 Rc5 36.Ke4 Rc4+
37.Kd3 Kd5 38.Ke3+ Ke6 39.Kd3 Kd5 40.Rc2 Rd4+ 41.Ke2 Re4+ 42.Kf3 Rd4 43.Rc7 Ke6
44.Ke3 Rd5 45.f4 f5 46.Rc6+ Kf7 47.Rc7+ Ke6 48.Rc6+ Kf7 49.Ke2 Kg7 50.b3 Kh6
51.Ra6 b4 52.axb4 axb4 53.Rc6 Kh5 54.Ke3 Rd1 55.Rb6 Rg1 56.Kf2 Rc1 57.Rxb4 Rc2+
58.Kf3 Rc3+ 59.Kf2 Kg4 60.Rb6 Rf3+ 61.Ke2 Kxg3 62.Rxg6+ Kxf4 63.Rb6 Rh3 64.Rb4+ Kg3
65.Ke3 Rh1 66.h5 Re1+ 67.Kd2 Re6 68.Rb8 f4 69.Rg8+  1/2-1/2

[Event "Autumn"]
[Site "Nea Filadelfia GRE"]
[Date "2008.11.05"]
[Round "6"]
[White "Andronis,V"]
[Black "Delithanasis,D"]
[Result "0-1"]
[WhiteElo "2072"]
[BlackElo "2251"]

1.c4 e6 2.d4 d5 3.Nc3 Nf6 4.Nf3 c6 5.e3 Bd6 6.Bd3 dxc4 7.Bxc4 b5 8.Bd3 Nbd7
9.e4 e5 10.O-O Bb7 11.d5 cxd5 12.Nxb5 Bb8 13.exd5 Nxd5 14.Ng5 N7f6 15.Ne4 Qb6
16.Qe2 O-O 17.Bd2 Nxe4 18.Bxe4 f5 19.Bd3 Qg6 20.f3 a6 21.Nc3 Nb4 22.Bc4+ Kh8
23.Be3 Bd6 24.Rad1 Rac8 25.Bb3 a5 26.a4 Bb8 27.Rd7 Bc6 28.Rd2 Rfe8 29.Nd5 f4
30.Bf2 e4 31.fxe4 Rxe4 32.Qf3 Rce8 33.Kh1 Qg5 34.Qd1 R4e5 35.h4 Qf5 36.Nxb4 Qh3+  0-1